000 00820nam a2200265 i 4500
003 DO-SdBNP
005 20240530073937.0
007 ta
008 210322b2020 dr ||||| |||| 00| 0 spa d
020 _a9789945503845
040 _aDO-SdBNP
_bspa
_cBNPHU
_erda
082 4 _a808.899282
_bC965L
_222
100 1 0 _aCuevas, Julio
_978189
_d1955
245 _aDe literatura infantil y otros ensayos /
_cJulio Cuevas
264 _aSanto Domingo :
_bEdiciones Ferilibro,
_c2020.
300 _a120 páginas :
_c21 cm
336 _2rdacontent
_atexto
_btxt
337 _2rdamedia
_asin mediación
_bn
338 _2rdacarrier
_avolumen
_bnc
490 0 _aEnsayo
590 _aInventariado, 2021 / DG
650 0 _aEnsayos dominicanos
_vEnsayos, conferencias, etc.
_965
910 _aInventariado, 2021 / DG
942 _2ddc
_cLBS1
999 _c49634
_d49634